NHL players by picture - Statistics

General Stats
  • This quiz has been taken 495 times
  • The average score is 15 of 20
Answer Stats
Picture Answer % Correct
Connor Mcdavid
97%
Sidney Crosby
96%
Wayne Gretzky
94%
Alex Ovechkin
90%
Austin Matthews
90%
Connor Bedard
87%
Jack Hughes
83%
Nathan Mackinnon
82%
Cale Makar
81%
Patrick Kane
77%
Leon Draisaitl
74%
Artemi Panarin
67%
John Tavares
66%
Jack Eichel
64%
Mark Stone
60%
Mathew Tkachuk
58%
Erik Karlsson
57%
Kirill Kaprizov
55%
Mika Zibanejad
53%
David Pastranak
22%
No matching quizzes found
Score Distribution
Percent of People with Each Score
Percentile by Number Answered
Your Score History
You have not taken this quiz